[Event "Barcelona Sant Marti op 05th"]
[Site "Barcelona"]
[Date "2003.05.31"]
[Round "6.43"]
[White "Serra, Francesco"]
[Black "Gomez, Miquel"]
[Result "0-1"]
[WhiteElo "1700"]
[BlackElo "1745"]
[PlyCount "54"]
[EventDate "2003.04.26"]
[EventType "swiss"]
[EventRounds "9"]
[EventCountry "ESP"]
[SourceTitle "EXT 2004"]
[Source "ChessBase"]
[SourceDate "2003.11.25"]
[SourceVersion "1"]
[SourceVersionDate "2003.11.25"]
[SourceQuality "1"]

1. d4 e5 2. Nf3 e4 3. Ng5 d5 4. Bf4 Be7 5. h4 h6 6. Nh3 Bxh4 7. e3 Nf6 8. g3 Ng4 9. gxh4 Qxh4 10. Bg3 Qf6 11. Nf4 c6 12. Nh5 Qg6 13. Nc3 Nd7 14. Be2 Ngf6 15. Nf4 Qf5 16. Nh5 Nxh5 17. Bxh5 Nf6 18. Rh4 b6 19. f3 Qg5 20. Bg4 h5 21. f4 Qg6 22. Qe2 Bxg4 23. Qf2 Bf3 24. Ne2 Ng4 25. Qg1 Qd6 26. a3 c5 27. Qf1 Nxe3 0-1

[Event "Barcelona Sant Marti op 05th"]
[Site "Barcelona"]
[Date "2003.05.17"]
[Round "4.32"]
[White "Gomez, Miquel"]
[Black "Lopez Abaurrea, Eduardo"]
[Result "0-1"]
[WhiteElo "1745"]
[BlackElo "1855"]
[PlyCount "51"]
[EventDate "2003.04.26"]
[EventType "swiss"]
[EventRounds "9"]
[EventCountry "ESP"]
[SourceTitle "EXT 2004"]
[Source "ChessBase"]
[SourceDate "2003.11.25"]
[SourceVersion "1"]
[SourceVersionDate "2003.11.25"]
[SourceQuality "1"]

1. e4 e6 2. d4 d5 3. e5 c5 4. c3 Nc6 5. Nf3 Qb6 6. dxc5 Bxc5 7. Qc2 Qc7 8. Bb5 Bd7 9. 0-0 Nge7 10. Bf4 Ng6 11. Bxc6 Nxf4 12. Bxd7+ Qxd7 13. g3 Ng6 14. Qd3 0-0 15. Nbd2 Qc7 16. Rae1 Rad8 17. b3 a6 18. h4 Rfe8 19. h5 Nf8 20. Ng5 h6 21. Nh3 Nh7 22. Kg2 b5 23. Re2 Rc8 24. c4 dxc4 25. bxc4 Red8 26. Re4 0-1

[Event "Barcelona Sant Marti op 05th"]
[Site "Barcelona"]
[Date "2003.05.03"]
[Round "2.30"]
[White "Gomez, Miquel"]
[Black "Zapata Rios, Pedro"]
[Result "0-1"]
[WhiteElo "1745"]
[BlackElo "1985"]
[PlyCount "58"]
[EventDate "2003.04.26"]
[EventType "swiss"]
[EventRounds "9"]
[EventCountry "ESP"]
[SourceTitle "EXT 2004"]
[Source "ChessBase"]
[SourceDate "2003.11.25"]
[SourceVersion "1"]
[SourceVersionDate "2003.11.25"]
[SourceQuality "1"]

1. e4 c5 2. Bc4 d6 3. d3 Nc6 4. Nf3 Bg4 5. h3 Bxf3 6. Qxf3 e6 7. Bf4 Be7 8. c3 Nf6 9. Nd2 a6 10. a3 0-0 11. Ba2 b5 12. b4 Nd7 13. Qg3 Bh4 14. Qe3 Nde5 15. 0-0 Bf6 16. Rac1 a5 17. bxc5 dxc5 18. Nb3 c4 19. Nc5 cxd3 20. Nxd3 Qxd3 21. Qc5 Be7 22. Qb6 Rfb8 23. Qc7 Bd6 24. Qxb8+ Rxb8 25. Rfd1 Qxe4 26. Bxe5 Qxe5 27. Re1 Qf6 28. Rcd1 Bc5 29. Rd7 Qxf2+ 0-1